000 00504nam a2200217Ia 4500
003 OSt
005 20220918231438.0
006 a|||||r|||| 00| 0
007 ta
008 220917b |||||||| |||| 00| 0 eng d
024 _a285,072
037 _cTextual
040 _aARTS
_cARTS
_beng
041 _2eng
_aeng
082 _aZ2:801, J42
245 0 _aCode of civil procedure
260 _c1942
650 _aLAW
_97240
942 _hZ2:801, J42
_cTEXL
_2CC
999 _c291193
_d291193